00446nam a2200145 i 450000100060000000300090000600500170001500700030003200800410003510000250007624501090010126000430021030000260025385200210027930771ES-MaACL20230906154242.0t|030127s1934 fr ||||1| fre d1 aBellessort, André.10aAthénes et son theatre b: cours professé a la Societé des Conférénces / cAndré Bellessort. aParis : bPerrin, c1934 (fE. Grevin) aXI, 344 p. ; c19 cm. aES-MaACLjA-2714